000 00543nam a2200205Ia 4500
003 GCL
008 140319s9999 xx 000 0 eng d
040 _aGCL /
_cGCL
082 0 4 _a643.7
_bS C
100 1 _aSIMONS JUDITH
245 1 0 _aTHE COMPELETE DECORATING AND HOME IMPROVEMENT BOOK /
_cSIMONS JUDITH
260 _a[S.N] :
_bLOREMZ BOOKS ،
_c1995
300 _a356 P
650 0 4 _aHOME ECONOMICS
650 0 4 _aINTERIOR DECORATION
650 0 4 _aARTS
650 0 4 _aHOUSE DECORATION
650 0 4 _aHOME IMPROVEMENT
942 _2ddc
_cBK
999 _c14663
_d14663